Datum a čas kvízu
22.5
Celkem bodů
Celkový počet nahraných bodů na tomto kvízu bez doplňovacích otázek.
14.
Pořadí na kvízu
Konečné umístění týmu na tomto kvízu.
Zaznamenané odpovědi
| # | Otázka | Odpověď | Body | Výsledky |
|---|---|---|---|---|
| 1. | Minulý týden kolovaly internet... | B | 1 | |
| 2. | V úterý přijali europoslanci p... | USB-C, 2024 | 0.5 | |
| 3. | Minulý týden proběhlo internet... | Bílý balet | 1 | |
| 4. | V týnské Sokolovně to o víkend... | Wienerberger | 1 | |
| 5. | Minulý týden hostila pražská O... | San Jose Sharks, Nashville Predators | 1 | |
| 6. | Podívejme se nejprve na velblo... | C | 0 | |
| 7. | Přiřaďte správné výrazy k jeji... | 1A 2B 3C 4D | 0 | |
| 8. | České slovo velbloud ukazuje,... | C | 0 | |
| 9. | Tři veteráni jsou pohádková kl... | Rudolf Hrušínský | 1 | |
| 10. | Velblouda má ve znaku město Pl... | husitům (sirotkům) | 0 |